| 000 | 00819cac a2200277 i 4500 | ||
|---|---|---|---|
| 003 | EG-GICUC | ||
| 005 | 20260121101438.0 | ||
| 008 | 251207s[20--] njua frb 001 0 eng c | ||
| 040 |
_aEG-GICUC _cEG-GICUC _dEG-GICUC _beng _erda |
||
| 082 | 0 | 0 |
_a342.04 _221 |
| 092 | 0 | 4 | _221 |
| 099 | _aLaw 08 [20--] | ||
| 245 | 0 | 0 |
_aPolitical science : _ban introduction. |
| 250 | _a8th edition. | ||
| 264 |
_a[ S.L ] : _b[ S.N ], _c[20--]. |
||
| 300 |
_a231 page : _billustrations ; _c30 cm. |
||
| 336 |
_atext _btxt _2rdacontent |
||
| 337 |
_aunmediated _bn _2rdamedia |
||
| 338 |
_avolume _bnc _2rdacarrier |
||
| 504 | _aBibliography: pages 200-250. | ||
| 650 | 0 |
_aPolitical science. _2qrmak |
|
| 651 | 1 | _2qrmak | |
| 856 | 4 | 0 | _uhttps://fll.law.cu.edu.eg/fulltext/bks/ENGB08-00090.pdf |
| 905 | _a10 | ||
| 942 |
_2ddc _cBK _e21 _n0 |
||
| 999 |
_c48896 _d48896 |
||